[Event "Bethune op"]
[Site "Bethune"]
[Date "2005.07.06"]
[Round "5"]
[White "Gaillard, Bruno"]
[Black "Franc, Emmanuel"]
[Result "0-1"]
[WhiteElo "1941"]
[BlackElo "2101"]
[PlyCount "88"]
[EventDate "2005.07.02"]
[EventType "swiss"]
[EventRounds "9"]
[EventCountry "FRA"]
[SourceTitle "CBM 107 Extra"]
[Source "ChessBase"]
[SourceDate "2005.09.01"]
[SourceVersion "1"]
[SourceVersionDate "2005.09.01"]
[SourceQuality "1"]

1. e4 c5 2. Nf3 Nc6 3. b4 cxb4 4. d4 d5 5. exd5 Qxd5 6. c4 bxc3 7. Nxc3 Qa5 8. d5 e5 9. dxc6 Bb4 10. Bd3 Bxc3+ 11. Bd2 bxc6 12. 0-0 Bxd2 13. Nxd2 Be6 14. Qc2 Ne7 15. Ne4 Rd8 16. Ng5 Bg4 17. Bxh7 e4 18. Nxe4 Qh5 19. f3 Be6 20. Rad1 Bd5 21. Qc5 Rxh7 22. Rfe1 Qxh2+ 23. Kf2 Qc7 24. Rb1 Bxe4 25. Rxe4 Rd2+ 26. Ke3 Rd7 27. Kf2 Rh6 28. Qg5 Kf8 29. Reb4 Rg6 30. Rb8+ Rd8 31. Qf4 Qd7 32. Rxd8+ Qxd8 33. Rb8 Nc8 34. Qb4+ Kg8 35. Qb7 Qd2+ 36. Kf1 Qxg2+ 37. Ke1 Qg1+ 38. Ke2 Re6+ 39. Kd3 Qd1+ 40. Kc4 Qc2+ 41. Kd4 c5+ 42. Kd5 Qd3+ 43. Kxc5 Qc3+ 44. Kd5 Re5# 0-1

[Event "Charleroi op 1st"]
[Site "Charleroi"]
[Date "2002.08.18"]
[Round "2"]
[White "Franc, Emmanuel"]
[Black "Wery, Benoit"]
[Result "1-0"]
[WhiteElo "2104"]
[BlackElo "1886"]
[PlyCount "55"]
[EventDate "2002.08.17"]
[EventType "swiss"]
[EventRounds "7"]
[EventCountry "BEL"]
[SourceTitle "EXT 2003"]
[Source "ChessBase"]
[SourceDate "2002.11.25"]
[SourceVersion "1"]
[SourceVersionDate "2002.11.25"]
[SourceQuality "1"]

1. d4 d5 2. Nc3 e6 3. e4 dxe4 4. Nxe4 Nf6 5. Nxf6+ Qxf6 6. Nf3 Bd6 7. Bg5 Qf5 8. Bd3 Qa5+ 9. Bd2 Qb6 10. 0-0 c6 11. c4 Bc7 12. Qc2 h6 13. Rfe1 0-0 14. Bf4 Nd7 15. Rad1 Re8 16. Re3 Nf6 17. Ne5 Rd8 18. c5 Qa5 19. Nc4 Qxa2 20. Bh7+ Nxh7 21. Ra3 Qxa3 22. bxa3 Bd7 23. a4 Nf8 24. a5 Be8 25. h3 Rd7 26. Ne5 Rd5 27. Qb3 Rad8 28. Qxb7 1-0